000 00857nam a2200205Ia 4500
999 _c50745
_d50745
001 17697
003 GE_BSU
005 20190624152803.0
008 181216s1980|||| |||||||||||||| ||geo||
041 _ageo
080 _a621.317(072) ხ-25
100 _aხარატიშვილი, ლ.
_92826
245 _aელექტრონული გაზომვები. ნაწ.1. : დამხმ. სახელმძღვ. /
_cლ. ხარატიშვილი ; რედ : მ.ძიძიგური.
264 _aთბილისი :
_bსპი,
_c1980.
300 _a116 გვ .:
_bცხრ;
_c19 სმ.
653 _aელექტრონული გაზომვები
653 _aტექნიკა
700 _aძიძიგური, მ
_eრედაქტორი
_9472
942 _cBK
_2udc